| 000 | 00977nam a22002537a 4500 | ||
|---|---|---|---|
| 999 |
_c63654 _d63654 |
||
| 005 | 20240530110652.0 | ||
| 008 | 171214s2016 ua ak f b 000 0 ara d | ||
| 017 |
_a2016/4966 _bمصر. دار الكتب |
||
| 020 | _a9777800464 | ||
| 040 |
_aEG-CaGPL _cEG-CaGPL |
||
| 082 |
_221 _a646.4072 / _bو ت |
||
| 100 | 0 | _aوسام محمد ابراهيم | |
| 245 | 1 | 0 |
_aتصميم النماذج المسطحة النسائية / _cوسام محمد ابراهيم ، سارة ابراهيم محمد مهران |
| 250 | _aط.1 | ||
| 260 |
_aالقاهرة : _bعالم الكتب ، _c2016. |
||
| 300 |
_a203 ص. : _bايض ؛ _c24 سم. |
||
| 504 | _aيشتمل على ارجاعات ببليوجرافية | ||
| 650 | 0 | 7 |
_2qrmak _aتصميم الازياء |
| 651 | _2qrmak | ||
| 653 | 0 | _aالملابس - نماذج | |
| 700 | 0 |
_a سارة ابراهيم محمد مهران _eمؤلف مشارك |
|
| 942 |
_2ddc _cBK |
||